NBA Families - Statistics

General Stats
  • This quiz has been taken 23 times
  • The average score is 16 of 25
Answer Stats
Player + What Member Answer % Correct
LeBron James /// Son Bronny
100%
Lonzo Ball /// Brother LaMelo
100%
Marc Gasol /// Brother Pau
95%
Dell Curry /// Son Stephen | Wardell | Seth
90%
Gary Payton /// Son Gary
86%
Giannis Antetokounmpo /// Brother Thanasis | Alex | Kostas
86%
Brook Lopez /// Brother Robin
81%
Tim Hardaway /// Son Tim
76%
Doc Rivers /// Son Austin
71%
Harvey Grant /// Brother Horace
71%
Jrue Holiday /// Brother Justin | Aaron
71%
Markieff Morris /// Brother Marcus
67%
Domantas Sabonis /// Father Arvydas
57%
Rick Barry /// Son Brent | Jon | Drew
57%
Caleb Martin /// Brother Cody
57%
Bill Walton /// Son Luke
57%
Danny Schayes /// Father Dolph
52%
Patrick Ewing /// Son Patrick
52%
Klay Thompson /// Father Mychal
48%
Vince Carter /// Cousin Tracy McGrady
48%
Harvey Grant /// Son Jerami | Jerian
43%
Kobe Bryant /// Father Joe
43%
Jalen Brunson /// Father Rick
43%
Darius Garland /// Father Winston
24%
Jimmy Walker /// Son Jalen Rose
14%
No matching quizzes found
Score Distribution
Percent of People with Each Score
Percentile by Number Answered
Your Score History
You have not taken this quiz